Slovenský kapitálový trh - predpoklady vzniku, problémy, perspektívy

Uložené v:
Podrobná bibliografia
Hlavný autor: Piovarčiová, Veronika, 1951-
Médium: Kapitola
Jazyk:Slovak
Tagy: Pridať tag
Žiadne tagy, Buďte prvý, kto otaguje tento záznam!

MARC

LEADER 00000naa$a2200000$$$4500
001 0110578
005 20240502072225.3
041 0 |a slo 
044 |a SK 
245 1 0 |a Slovenský kapitálový trh - predpoklady vzniku, problémy, perspektívy  |c Veronika Piovarčiová 
100 1 |a Piovarčiová, Veronika, 1951-